Migration theory and fact : a review and bibliography of current literature

Αποθηκεύτηκε σε:
Λεπτομέρειες βιβλιογραφικής εγγραφής
Κύριος συγγραφέας: Shaw, R. Paul
Μορφή: Βιβλίο
Γλώσσα:English
Δημοσίευση: Philadelphia : Regional Science Research Institute, c1975
Σειρά:Bibliography series - Regional Science Research Institute ; ; 5
Θέματα:
Ετικέτες: Προσθήκη ετικέτας
Δεν υπάρχουν, Καταχωρήστε ετικέτα πρώτοι!

MARC

LEADER 00000cam a2200000 i 4500
001 1/6894
008 000617s1975 eng d
035 |l 10062093 
040 |a GR-MY-UA  |b gre  |e aacr 
041 0 |a eng 
082 0 |a 304.8 
100 1 |a Shaw, R. Paul. 
245 1 0 |a Migration theory and fact :  |b a review and bibliography of current literature /  |c R. Paul Shaw 
260 |a Philadelphia :   |b Regional Science Research Institute,   |c c1975 
300 |a vii, 203 p. 
490 1 |a Bibliography series - Regional Science Research Institute  |v ; 5 
650 0 0 |a Migration, Internal. 
650 0 0 |a Migration, Internal  |x Bibliography. 
830 0 |a Bibliography series - Regional Science Research Institute ;  |v ; 5 
852 |a INST  |b LESVOS  |e 20000617  |h 304.8 SHA  |p 005100023866  |q 005100023866  |t BK  |y 0 
909 |a Λ  |b 076549 
970 |z 2000/06/ΟΙΚΟΝΟΜΟΠΟΥΛΟΥ ΧΡΙΣΤΙΝΑ